| 000 | 00639nam a2200181Ia 4500 | ||
|---|---|---|---|
| 008 | 090123s9999 xx 000 0 und d | ||
| 082 | _b27828 | ||
| 100 | _aपारेख दिलिप | ||
| 245 | _aसर्जनशील कल्पनाशक्ती | ||
| 250 | _a0 | ||
| 260 | _bशुभदा-सारस्वत पब्लिकेशन | ||
| 300 | _a77 | ||
| 600 | _aपारेख दिलिप | ||
| 630 | _aसर्जनशील कल्पनाशक्ती | ||
| 700 | _aपारेख दिलिप | ||
| 730 | _aसर्जनशील कल्पनाशक्ती | ||
| 942 | _cBOOK | ||
| 999 |
_c66202 _d66202 |
||